000 00318nam a22001217a 4500
008 181012b xxu||||| |||| 00| 0 eng d
041 _aeng
080 _a617
100 _a8
101 _aORT
245 _aThe Story of Orthopaedics and the Care of the Crippled Child in South Africa
_cDommisse, G.F
942 _2udc
_cBK
999 _c49509
_d49509